| 000 | 00670nam a22001937a 4500 | ||
|---|---|---|---|
| 999 |
_c21042 _d21042 |
||
| 003 | AR-CdUCM | ||
| 008 | 190725b ||||| |||| 00| 0 spa d | ||
| 040 |
_aMUNICIPALIDAD PROVINCIAL DEL CUSCO _cBIBLIOTECA MUNICIPAL DEL CUSCO |
||
| 082 |
_a111.85 / _bL38 |
||
| 100 |
_aLefrbure, Henri _943843 |
||
| 245 | _aContribución a la estética / | ||
| 260 |
_aBuenos Aires : _bProcyon, _c1956. |
||
| 300 |
_a137 páginas ; _c18 cm. |
||
| 505 | _aContenido : Fracaso de la estética -- Marx y Engels sobre la estética -- El contenido -- La forma -- El terreno de la libertad. | ||
| 650 |
_aFilosofia _9395 |
||
| 650 |
_aEstetica _9589 |
||
| 942 |
_2ddc _cLIBROS |
||
| 945 | _azta | ||